000
00307nas a2200121Ia 4500
008
150201s2011 xx 000 0 und d
245
_a
Indian Journal of Gastroenterology
260
_c
2011
310
_a
Bio-Monthly
500
_a
NATIONAL
650
_a
Other Clinical & Non Clinical Books
942
_2
ddc
_c
LJ
999
_c
6205
_d
6205